LEADER 01247nam0-2200373---450- 001 990000810290203316 010 $a88-203-0279-9 035 $a0081029 035 $aUSA010081029 035 $a(ALEPH)000081029USA01 035 $a0081029 100 $a20011220d1976----km-y0ITAy01------ba 101 $aita 102 $aIT 105 $a||||||||001yy 200 1 $aErbario figurato$edescrizione e proprietà delle piante medicinali e velenose della flora italiana$econ cenni sulle principali specie dell'Africa settentrionale ed orientale$fGiovanni Negri$g80 tavole a colori di Maria Traverso$g283 incisioni di Adriano Fiori 205 $a5. ed. 210 $aMilano$cU. Hoepli$d1976 215 $aXVI, 459 p$c80 tav., ill.$d31 cm 606 0 $aPiante medicinali 606 0 $aPiante velenose 676 $a581.634 700 1$aNEGRI,$bGiovanni$0439759 801 0$aIT$bsalbc$gISBD 912 $a990000810290203316 951 $a581.634 NEG A$b1784 FARM$c581.634 951 $a581.634 NEG B$b1819 FARM$c581.634 959 $aBK 969 $aFAR 979 $aPATTY$b90$c20011220$lUSA01$h0943 979 $c20020403$lUSA01$h1727 979 $aPATRY$b90$c20040406$lUSA01$h1656 996 $aErbario figurato$975506 997 $aUNISA LEADER 01158nam--2200385---450- 001 990001833850203316 005 20070411172903.0 035 $a000183385 035 $aUSA01000183385 035 $a(ALEPH)000183385USA01 035 $a000183385 100 $a20040708d1978----km-y0itay0103----ba 101 0 $aita 102 $aIT 105 $a||||||||001yy 200 1 $aEloquium$eLineamenti di sintassi e temi di versione per il secondo ciclo degli istituti medi superiori$fDi Claudio Moreschini, Alfonso Preziosi 210 $aFirenze$cLe Monnier$d1978 215 $aIII, 331 p.$d24 cm 410 0$12001 454 1$12001 461 1$1001-------$12001 606 0 $aLingua latina$xGrammatica 676 $a475 700 1$aMORESCHINI,$bClaudio$0384697 701 1$aPREZIOSI,$bAlfonso$0564108 801 0$aIT$bsalbc$gISBD 912 $a990001833850203316 951 $aV.3.D. 148(VIII D 83)$b81306 L.M.$cVIII D 959 $aBK 969 $aUMA 979 $aSIAV2$b10$c20040708$lUSA01$h1444 979 $aSIAV2$b10$c20040708$lUSA01$h1445 979 $aCOPAT6$b90$c20070411$lUSA01$h1729 996 $aEloquium$9949048 997 $aUNISA LEADER 01523oam 2200397M 450 001 9910716504403321 005 20210706143312.0 035 $a(CKB)5470000002523116 035 $a(OCoLC)1065782740 035 $a(OCoLC)995470000002523116 035 $a(EXLCZ)995470000002523116 100 $a20071213d1926 ua 0 101 0 $aeng 135 $aurcn||||||||| 181 $ctxt$2rdacontent 182 $cc$2rdamedia 183 $acr$2rdacarrier 200 10$aAmend act for construction of rural post roads. April 13, 1926. -- Referred to the House Calendar and ordered to be printed 210 1$a[Washington, D.C.] :$c[U.S. Government Printing Office],$d1926. 215 $a1 online resource (1 pages) 225 1 $aHouse report / 69th Congress, 1st session. House ;$vno. 875 225 1 $a[United States congressional serial set] ;$v[serial no. 8536.] 300 $aBatch processed record: Metadata reviewed, not verified. Some fields updated by batch processes. 300 $aFDLP item number not assigned. 606 $aLegislative amendments 608 $aLegislative materials.$2lcgft 615 0$aLegislative amendments. 701 $aSnell$b Bertrand Hollis$f1870-1958$pRepublican (NY)$01388514 801 0$bWYU 801 1$bWYU 801 2$bOCLCO 801 2$bOCLCQ 906 $aBOOK 912 $a9910716504403321 996 $aAmend act for construction of rural post roads. April 13, 1926. -- Referred to the House Calendar and ordered to be printed$93497915 997 $aUNINA